| 000 | 00825nam a2200241 a 4500 | ||
|---|---|---|---|
| 001 | BRL_1582 | ||
| 005 | 20190320211255.0 | ||
| 008 | 190314s1973----mx-oab####---#000-0#eng-# | ||
| 020 | _a873800788 | ||
| 041 | _aeng | ||
| 044 | _amx | ||
| 050 | 4 |
_aF1221.S43 _b.C66 1973 |
|
| 100 | 1 |
_aCoolidge, Dane _d1873-1940 _927353 |
|
| 245 | 1 | 0 |
_aThe last of the seris _bthe aboriginal indians of Kino Bay, Sonora, Mexico _cby Dane Coolidge and Mary Roberts Coolidge ; with photographs by Dane Coolidge. |
| 260 |
_aNew Mexico _bThe Rio Grande Press _c1973 |
||
| 300 |
_a308 p. _bil., fotografías, mapas plegables _c24 cm. |
||
| 500 | _aAu2070 | ||
| 650 | 1 | 4 |
_aSeris _927354 |
| 650 | 1 | 4 |
_aIndígenas de México _zSonora (México) _927355 |
| 700 | 1 |
_aCoolidge, Mary Roberts _d1860-1945 _ecoaut. _927356 |
|
| 902 | _aGRL | ||
| 942 |
_2lcc _cB |
||
| 999 |
_c10391 _d10391 |
||